Socialismo y capitalismo comparados: la teoría general de Keynes
Сохранить в:
| Главный автор: | |
|---|---|
| Формат: | |
| Язык: | испанский |
| Опубликовано: |
Barcelona
Ariel
1970
|
| Редактирование: | 3a. ed |
| Серии: | Ariel quincenal
|
| Предметы: | |
| Метки: |
Добавить метку
Нет меток, Требуется 1-ая метка записи!
|
MARC
| LEADER | 00000nam a2200000 a 4500 | ||
|---|---|---|---|
| 001 | UCU2095 | ||
| 003 | CL-VaPUC | ||
| 008 | 960419e19700000SP |||||||||||||||||spa|d | ||
| 082 | 0 | 4 | |a 320.5 |b PIG |2 21 |
| 100 | 0 | |a Pigou, Arthur Cecil |e author |9 357985 | |
| 245 | 1 | 0 | |a Socialismo y capitalismo comparados: la teoría general de Keynes |
| 250 | |a 3a. ed | ||
| 300 | |a 192 p | ||
| 942 | |c BK | ||
| 945 | |d 19960419 00:00:00 |a paguirre | ||
| 260 | |a Barcelona |b Ariel |c 1970 | ||
| 650 | 0 | |a Socialismo |9 255260 | |
| 650 | 0 | |a Capitalismo |9 255255 | |
| 650 | 7 | |a DOCTRINAS ECONOMICAS |2 CL-VaPUC |9 346455 | |
| 650 | 0 | |a Doctrinas políticas |9 255835 | |
| 650 | 0 | |a Ciencias Políticas |9 255201 | |
| 650 | 0 | |a Ideologías |9 255200 | |
| 583 | |a last modification |c 19960419 00:00:00 |k Rodrigo Vera | ||
| 490 | 0 | |a Ariel quincenal | |
| 999 | |c 246486 |d 246484 | ||
| 952 | |0 0 |1 0 |4 0 |6 320_500000000000000_PIG_1970 |7 0 |8 A |9 261508 |a BIBING |b BIBING |d 2019-11-19 |i 2019094 |o 320.5 PIG 1970 |p 2019094 |r 2023-03-02 |w 2019-11-19 |y BK |k TRA | ||